The Economics of Project Analysis: A practitioner's Guide, (Record no. 5740)

MARC details
005 - DATE AND TIME OF LATEST TRANSACTION
control field 20250627160647.0
020 ## - INTERNATIONAL STANDARD BOOK NUMBER
International Standard Book Number 0-8213-1751-2
082 ## - DEWEY DECIMAL CLASSIFICATION NUMBER
Classification number 338.9 WAR
100 ## - MAIN ENTRY--PERSONAL NAME
Author name WARD, W . A
245 ## - TITLE STATEMENT
Title The Economics of Project Analysis: A practitioner's Guide,
260 ## - PUBLICATION, DISTRIBUTION, ETC.
Place of publication, distribution, etc. New York,
Name of publisher, distributor, etc. USA,
Date of publication, distribution, etc. 1991.
300 ## - PHYSICAL DESCRIPTION
Extent xi.; 318p.; table,
Other physical details Bibliography,
Dimensions 28cm.
700 ## - ADDED ENTRY--PERSONAL NAME
Other authors/Editors DEREN, B . J & SILVA , E . H
942 ## - ADDED ENTRY ELEMENTS (KOHA)
Source of classification or shelving scheme Dewey Decimal Classification
Koha item type Books
Holdings
Date last seen Total checkouts Full call number Barcode Cost, replacement price Price effective from Koha item type Lost status Source of classification or shelving scheme Damaged status Not for loan Withdrawn status Home library Current library Shelving location Date acquired Cost, normal purchase price
06/27/2025   338.9WAR DOM0003124 135000.00 06/27/2025 Books   Dewey Decimal Classification       CBE Dodoma CBE Dodoma General Collection 02/17/2010 45000.00
06/27/2025   338.9WAR DOM0003121 135000.00 06/27/2025 Books   Dewey Decimal Classification       CBE Dodoma CBE Dodoma General Collection 02/17/2010 45000.00
06/27/2025   338.9WAR DOM0003213 135000.00 06/27/2025 Books   Dewey Decimal Classification       CBE Dodoma CBE Dodoma General Collection 02/17/2010 45000.00
06/27/2025   338.9WAR DOM0004191 135000.00 06/27/2025 Books   Dewey Decimal Classification       CBE Dodoma CBE Dodoma General Collection 02/17/2010 45000.00